La carrera de los monstruos [juego] /
Guardado en:
| Formato: | Objeto Físico |
|---|---|
| Publicado: |
Argentina :
Kipo's,
[199?]
|
| Materias: | |
| Etiquetas: |
Agregar Etiqueta
Sin Etiquetas, Sea el primero en etiquetar este registro!
|
| LEADER | 00915nrm a22001935g 4500 | ||
|---|---|---|---|
| 001 | CEM.cems019144 | ||
| 008 | 130507b199?##################0###0#####d | ||
| 005 | 20220829180549.0 | ||
| 003 | CEMS | ||
| 245 | 0 | 0 | |a La carrera de los monstruos [juego] / |c Kipo's Los Juegos Del Mundo. |
| 260 | |a Argentina : |b Kipo's, |c [199?] | ||
| 300 | |a 1 juego (1 tablero, 6 monstruos, 100 tarjetas-temas, 63 tarjetas-p.rendas, 1 reloj-30 segundos) ; en caja 59 x 17 x 7 cm. + manual de instrucciones. | ||
| 490 | L | o | | juegos de Tomás y Enrique |
| 500 | |a Para 2 a 6 jugadores. a partir de 9 años y adultos. objetivo:divertirse y ser el primero en llegar o pasar la meta. | ||
| 082 | 0 | 4 | |a J793.24 |
| 653 | |a 1. juegos de entretenimiento general | ||
| 859 | |a CEMS |b BIB. CEMS - Ludoteca |h J793.24 |i K628 |p 041.92 |t Ej.1 | ||
| 859 | |a CEMS |b BIB. CEMS - Ludoteca |h J793.24 |i K628 |p 056.92 |t Ej.2 | ||
| 859 | |a CEMS |b BIB. CEMS - Ludoteca |h J793.24 |i K628 |p 060.92 |t Ej.3 | ||
